Opinie kierowników restauracji i lokalnych producentów żywności związane z regionalnym oznakowaniem produktow

Uložené v:
Podrobná bibliografia
Hlavný autor: Jarossová, Malgorzata Agnieszka, 1978-
Médium: Kapitola
Jazyk:Polish
Tagy: Pridať tag
Žiadne tagy, Buďte prvý, kto otaguje tento záznam!

MARC

LEADER 00000nla a2200000 4500
001 0227081
005 20240502083609.2
041 0 |a pol 
044 |a PL 
245 1 0 |a Opinie kierowników restauracji i lokalnych producentów żywności związane z regionalnym oznakowaniem produktow  |c Malgorzata A. Jarossová 
500 |a Poster 
100 1 |a Jarossová, Malgorzata Agnieszka, 1978-